000 00589nam a2200217Ia 4500
003 GCL
008 140319s9999 xx 000 0 eng d
020 _a1857151356
040 _aGCL /
_cGCL
082 0 4 _a823
_bA T
100 1 _aACHEBE, CHINUA
245 1 0 _aTHINGS FALL APART /
_cACHEBE, CHINUA
700 1 _aAPPIAH, KWAME ANTHONY
260 _aانجلترا :
_bEVERYMAN'S LIBRARY ،
_c1992
300 _a21 CM ؛
_cXVII, 181 P
490 _aTHE MILLENNIUM LIBRARY
_v135
650 0 4 _aENGLISH LITERATURE
650 0 4 _aLITERATURE
650 0 4 _aENGLISH FICTION
942 _2ddc
_cBK
999 _c5683
_d5683